Statistics for Best Weapons in Fortnite

Click here to take the quiz!

General Stats

  • This quiz has been taken 76 times
  • The average score is 5 of 10

Answer Stats

RankGame RankingWeapon% Correct
1LegendaryAssault Rifle
76%
3EpicAssault Rifle
76%
5LegendaryBolt-Action Sniper Rifle
53%
8EpicBolt-Action Sniper Rifle
53%
2LegendaryRPG
53%
6EpicRPG
53%
4LegendaryHeavy Shotgun
38%
7LegendaryGrenade Launcher
30%
9RareTactical Shotgun
30%
EpicTactical Sub-Machine Gun
12%

Score Distribution

Percentile by Number Answered

Percent of People with Each Score

Your Score History

You have not taken this quiz